|
|
|
|
| LEADER |
00000nam a22000007a 4500 |
| 005 |
20190711133215.0 |
| 007 |
cr|||| |||| |
| 008 |
190711s2018 co |||||s|||| 00||0 spa d |
| 020 |
|
|
|a 978-958-12-0453-3
|
| 035 |
|
|
|a 23896
|
| 040 |
|
|
|a vLex
|
| 090 |
|
|
|c 9019
|d 9019
|
| 100 |
1 |
|
|a Pulido Ortiz, Fabio Enrique
|
| 245 |
1 |
0 |
|a Jueces y reglas
|h [Recurso electrn̤ico] :
|b La autoridad del precedente judicial /
|c Fabio Enrique Pulido Ortiz
|
| 256 |
|
|
|a Servicio en ln̕ea
|
| 260 |
|
|
|a Bogot:̀
|b Universidad de La Sabana,
|c 2018
|
| 300 |
|
|
|a 1 recurso electrn̤ico
|
| 506 |
1 |
|
|a Disponible solo en los productos indicados
|d vLex Global
|d vLex Global (Academic Edition, excluding Law Schools)
|d vLex Global (U.S. Academic Edition, Law Schools)
|d vLex Global (U.S. Academic Edition, excluding Law Schools)
|d vLex Global (Academic Edition, Law Schools)
|
| 650 |
0 |
4 |
|a Derecho Constitucional
|z Colombia
|
| 740 |
0 |
|
|a vLex Libros (Servicio en ln̕ea)
|
| 856 |
4 |
0 |
|u http://vlex.com/source/jueces-reglas-autoridad-precedente-judicial-23896
|z Acceso restringido
|
| 942 |
|
|
|c BOOK
|
| 999 |
0 |
|
|a Constitutional right
|